000 00298nam a22001337a 4500
003 SGT
020 _a9789350246641
082 _a547
_bARO
100 _aARORA M
245 _aORGANIC CHEMISTRY OF NATURAL PRODUCTS
260 _aINDIA
_bHIMALAYA PUB H
_c2025
300 _a8.32
942 _2ddc
_cBK
999 _c34461
_d34461